The legal framework of world trade (Record no. 374610)

000 -LEADER
fixed length control field 00355cam a22001217a 4500
008 - FIXED-LENGTH DATA ELEMENTS--GENERAL INFORMATION
fixed length control field 180718b1958 xxu||||| |||| 00| 0 eng d
082 ## - DEWEY DECIMAL CLASSIFICATION NUMBER
Classification number T39 M892
100 ## - MAIN ENTRY--PERSONAL NAME
Personal name Muhammad, V.A. Seyid
245 ## - TITLE STATEMENT
Title The legal framework of world trade
Statement of responsibility, etc. by V.A. Seyid Muhammad
260 ## - PUBLICATION, DISTRIBUTION, ETC.
Place of publication, distribution, etc. London
Name of publisher, distributor, etc. Stevens
Date of publication, distribution, etc. 1958
300 ## - PHYSICAL DESCRIPTION
Extent 348p.
650 ## - SUBJECT ADDED ENTRY--TOPICAL TERM
Topical term or geographic name entry element Foreign Commerece -Legal espects
Holdings
Withdrawn status Lost status Damaged status Not for loan Permanent Location Current Location Date acquired Full call number Barcode Date last seen Price effective from Koha item type
        Indian Institute of Public Administration Indian Institute of Public Administration 1994-06-28 T39 M892 11436 2018-07-21 2018-07-21 Book

Powered by Koha